| 000 | 01732nam a2200421 a 4500 | ||
|---|---|---|---|
| 999 |
_c390727 _d390727 |
||
| 003 | BLK | ||
| 005 | 20250517135440.0 | ||
| 008 | 180407b bul|||||r ||||||| ||bul|| | ||
| 010 | _aKNG00030965000 | ||
| 020 | _a9786192290351 | ||
| 040 | _aBLK | ||
| 041 |
_aBUL _cBUL |
||
| 080 |
_aПроблеми на опазване на природата, свързани с отпадъчни води и отпадъци _b502:628.3/.5 _z502:628.3/.5 |
||
| 100 |
_aФренч, Джес _eпърви автор _9435666 |
||
| 139 |
_aФренч, Джес _bФ 82 |
||
| 245 | 1 | 0 |
_aКъде отива боклукът? _bОтпадъци, рециклиране и грижа за нашата планета _cДжес Френч; прев. от англ. Габриела Кожухарова; ил. Сяо Лин, Рейчъл Хънт, Бетина Стовне. |
| 257 | _aBGR | ||
| 260 |
_aСофия _bРакета _c2020 _9217388 |
||
| 300 |
_a72 с. _bс ил. _c28 см |
||
| 380 | _aDN | ||
| 650 | 4 |
_aОколна среда - опазване _9244652 |
|
| 653 | _aопазване на околната среда | ||
| 653 | _aотпадъци | ||
| 700 |
_aКожухарова, Габриела Любомирова _eпрев. от англ. _9435104 |
||
| 700 |
_aСяо Лин _eил. _9435667 |
||
| 700 |
_aХънт, Рейчъл _eил. _9435668 |
||
| 700 |
_aСтовне, Бетина _eил. _9599 |
||
| 852 | _aЦб ІІ 30325 | ||
| 856 | 4 | _qpdf | |
| 856 | 4 | _qpdf | |
| 942 |
_cKNG _n0 _s1 _040 |
||
| 944 |
_aCR _c2020-10-27 _k30550 _lКети Илиева |
||
| 944 |
_aED _c18.09.2015 _kЕлица_Владова |
||
| 999 | _d390727 | ||
| 999 | _d390727 | ||
| 999 | _d390727 | ||
| 999 | _d28371 | ||